=LDR 00000nam 2200000 4500 =001 INLIS000000000049824 =005 20170404083749.0 =006 =007 =008 =035 ##$$0010-041700000000014 =040 ##$$a NBPDMAT =082 ##$$a 297.62 =090 ##$$a 297.62 Irw c =100 ##$$a Irwan Supriadin J =245 ##$$a Catatan Ringan seputar khilafatul muslim di Bima / $b Irwan J dan Syukri Abubakar =260 ##$$a Bima : $b STTT Sunan Giri , $c 2013 =300 ##$$a x,99 hlm. : $b ilus.; $c 21 cm. =500 ##$$a Bibliografi : hlm. 97-98 =700 ##$$a Syukri Abubakar =990 ##$$a 165/46/2017 =990 ##$$a 21605026 =990 ##$$a 21605027 =990 ##$$a 21605028 =990 ##$$a 21605029 =990 ##$$a 163/46/2017 =990 ##$$a 165/46/2017 =990 ##$$a 21605027 =990 ##$$a 21605028 =990 ##$$a 21605029 =990 ##$$a 163/46/2017 =990 ##$$a 163/46/2017 =990 ##$$a 21605027 =990 ##$$a 21605028 =990 ##$$a 21605029 =990 ##$$a 163/46/2017 =990 ##$$a 163/46/2017 =990 ##$$a 163/46/2017 =990 ##$$a 21605028 =990 ##$$a 21605029 =990 ##$$a 163/46/2017 =990 ##$$a 163/46/2017 =990 ##$$a 163/46/2017 =990 ##$$a 163/46/2017 =990 ##$$a 21605029 =990 ##$$a 163/46/2017 =990 ##$$a 163/46/2017 =990 ##$$a 163/46/2017 =990 ##$$a 163/46/2017 =990 ##$$a 163/46/2017